000 00921nam0a22002531 4500
001 rc\2671418
005 20250623151605.0
035 _a(NLR Aleph) 006799963
090 _a6233279
_c6233279
100 _a20110915d1932 |||y0rusy50 ca
101 0 _arus
102 _aRU
105 _ay z |||||
200 1 _aЗдравпоход за урожай
_fИ. С. Соколов, М. Д. Муругов
_gМоск. ин-т сан. культуры. Моск. ин-т проф. болезней им. В. А. Обуха
210 _aМосква
_cизд-во Мособлисполкома
_d1932
_g8 тип. "Мособлполиграф"
215 _a13, [2] с.
_d22х15 см.
700 1 _aСоколов
_bИ.С.
_gИван Сергеевич
701 1 _aМуругов
_bМ.Д.
801 0 _aRU
_bNLR
_gpsbo
801 1 _aRU
_bELAR
_2rusmarc
852 _aNLR
_j32-11/2316
942 _cBOOK
980 _aNB